Дело об участии Д.Н. Шереметева в дворянских выборах по Волоколамскому и Варнавинскому уездам и в совещании об устройстве земски...

Доступно только в Электронных читальных залах Найти на картеНа карте
RUSMARC
00004452nmc2a22002773x 450
001e89b66fa-0c2a-478c-ac5b-42d5ab17cae5
00520230909051335.0
100##$a20230511l18611861k l0rusy0189 ca
1010#$arus
102##$aRU
105##$ay###
1222#$ad
2001#$aДело об участии Д.Н. Шереметева в дворянских выборах по Волоколамскому и Варнавинскому уездам и в совещании об устройстве земских банков
$j15 сентября - 6 ноября 1861 г.
215##$a6 л.
$d35х22,5 см
251##$cДело
300##$aГраф Дмитрий Николаевич Шереметев и его семья. Материалы, связанные с участием Д.Н. Шереметева в выработке проекта Положения 19 февраля 1861 года; дела об участии его в дворянских выборах
300##$aНа обложке указано: "Петербургского ведомства"
300##$aОриг. заголовок дела: Дело о дворянских выборах в 1861 году и о приглашении дворян в Варнавин для совещания об устройстве земских банков. 15 сентября 1861 г. - 6 ноября 1861 г
371##$aДокумент не является опубликованным и широко распространяемым
461#0$100198b93a77-94f0-46bb-a7e0-b5027cc72a67
$12001
$aШереметевы, графы
$1251
$cФонд
$1852
$j1088
462#0$1001d3ce280e-361b-49f4-86d2-e1a120f828b4
$12001
$aЛичные документы, переписка и документы, связанные со служебной и общественной деятельностью графов Бориса Петровича, Петра Борисовича, Николая Петровича и Дмитрия Шереметевых
$1251
$cОпись
$1852
$j1
5171#$aДело о дворянских выборах в 1861 году и о приглашении дворян в Варнавин для совещания об устройстве земских банков. 15 сентября 1861 г. - 6 ноября 1861 г
801#0$aRU
$bРГИА
$c20230511
$gRCR
801#1$aRU
$bГлавНИВЦ
$c20230511
$2rusmarc
801#2$aRU
$bПБ им. Б.Н. Ельцина
$c20230909
$gRCR
$2rusmarc
850##$aРГИА
852##$aРГИА
$eФедеральное казенное учреждение "Российский государственный исторический архив" (РГИА)
$j685
937##$hРГИА
$d12399695
$aASBIBLIO_SCAN
035##$aRusGRCC00060192
856##$uhttp://readingroom.main.prlib.ru/item.aspx?id_node=n187457021&mode=full
Формат отображения